Giành lấy đơn hàng

Sách phân tích, giải đáp những vấn đề thường gặp trong kinh doanh, tích luỹ kinh nghiệm, tìm kiếm khách hàng, nghiên cứu thị trường, giới thiệu sản phẩm, trình bày và thuyết trình trong bán hàng, ký kết và thực hiện hợp dồng mua bán......

ver descrição completa

Na minha lista:
Detalhes bibliográficos
Autor principal: Minh Tâm
Formato: Livro
Idioma:Undetermined
Publicado em: Hà Nội Từ điển Bách khoa 2006
Assuntos:
Tags: Adicionar Tag
Sem tags, seja o primeiro a adicionar uma tag!
Thư viện lưu trữ: Trung tâm Học liệu Trường Đại học Cần Thơ
LEADER 00899nam a2200205Ia 4500
001 CTU_101088
008 210402s9999 xx 000 0 und d
020 |c 48000 
082 |a 658.8 
082 |b M312 
100 |a Minh Tâm 
245 0 |a Giành lấy đơn hàng 
245 0 |c Minh Tâm (biên soạn) 
260 |a Hà Nội 
260 |b Từ điển Bách khoa 
260 |c 2006 
520 |a Sách phân tích, giải đáp những vấn đề thường gặp trong kinh doanh, tích luỹ kinh nghiệm, tìm kiếm khách hàng, nghiên cứu thị trường, giới thiệu sản phẩm, trình bày và thuyết trình trong bán hàng, ký kết và thực hiện hợp dồng mua bán... 
650 |a Marketing,Sales management 
904 |i Minh 
980 |a Trung tâm Học liệu Trường Đại học Cần Thơ